000 00381nam a2200169Ia 4500
008 210210b1933 xxu||||| |||| 00| 0 eng d
041 _aeng
082 _a881/72
100 _aMAGHA
245 _aSisupAlavadha by Mallinatha
260 _aBombay
_b-
_c1933
650 _aSisupAlavadha
650 _aMallinatha
650 _aby
690 _aSanskrit Poetry
906 _a024243
999 _c149641
_d149641